| Tag |
First Indicator |
Second Indicator |
Subfields |
| LEADER |
00000nam a2200000 i 4500 |
| 001 |
in00004633413 |
| 003 |
OCoLC |
| 005 |
20221205090056.6 |
| 006 |
m o d |
| 007 |
cr cnu---unuuu |
| 008 |
221112s2022 nyu ob 001 0 eng d |
| 024 |
8 |
|
|a 40031463670
|
| 040 |
|
|
|a EBLCP
|b eng
|c EBLCP
|d TEFOD
|
| 020 |
|
|
|a 9781541757981
|
| 020 |
|
|
|a 154175798X
|
| 020 |
|
|
|z 9781541757998
|
| 035 |
|
|
|a (OCoLC)1350685703
|
| 037 |
|
|
|a 54136AEA-52FE-4FC6-A3B0-1B7D9C49EE5C
|b OverDrive, Inc.
|n http://www.overdrive.com
|
| 043 |
|
|
|a n-us---
|
| 050 |
|
4 |
|a HF5429.215.U6
|b W37 2022
|
| 082 |
0 |
4 |
|a 381/.14906573
|2 23/eng/20220323
|
| 100 |
1 |
|
|a Wartzman, Rick,
|e author.
|
| 245 |
1 |
0 |
|a Still broke :
|b Walmart's remarkable transformation and the limits of socially conscious capitalism /
|c Rick Wartzman.
|
| 250 |
|
|
|a First edition.
|
| 264 |
|
1 |
|a New York :
|b PublicAffairs,
|c 2022.
|
| 300 |
|
|
|a 1 online resource.
|
| 336 |
|
|
|a text
|b txt
|2 rdacontent
|
| 337 |
|
|
|a computer
|b c
|2 rdamedia
|
| 338 |
|
|
|a online resource
|b cr
|2 rdacarrier
|
| 504 |
|
|
|a Includes bibliographical references and index.
|
| 588 |
0 |
|
|a Print version record.
|
| 610 |
2 |
0 |
|a Wal-Mart (Firm)
|x Finance.
|
| 610 |
2 |
0 |
|a Wal-Mart (Firm)
|x Employees
|x Finance, Personal.
|
| 610 |
2 |
0 |
|a Wal-Mart (Firm)
|x Management.
|
| 650 |
|
0 |
|a Social responsibility of business
|z United States.
|
| 651 |
|
0 |
|a United States
|x Economic conditions
|y 21st century.
|
| 650 |
|
0 |
|a Income distribution
|z United States.
|
| 650 |
|
7 |
|a BUSINESS & ECONOMICS / Commerce.
|2 bisacsh
|
| 655 |
|
7 |
|a Electronic books.
|2 local
|
| 710 |
2 |
|
|a EBSCOhost
|
| 776 |
1 |
8 |
|i Print version:
|a Wartzman, Rick.
|t Still broke.
|b First edition.
|d New York : PublicAffairs, 2022
|z 9781541757998
|w (DLC) 2022013116
|w (OCoLC)1303668234
|
| 856 |
4 |
0 |
|u http://proxy.library.tamu.edu/login?url=https://search.ebscohost.com/login.aspx?direct=true&scope=site&db=nlebk&db=nlabk&AN=3262180
|z Connect to the full text of this electronic book
|t 0
|
| 945 |
|
|
|b 534395
|
| 955 |
|
|
|a YBP purchased approval e-records
|
| 980 |
|
|
|b ebook
|c 40031463670
|f NONFIC/B
|g 565751
|k USD
|m 114.40
|q 1
|s AcqMono Conventional
|t Approval plan
|u Vendor order reference number
|v ZYBP
|y E-approvals
|z Electronic resource
|
| 999 |
f |
f |
|i ce0278fa-3e15-4abc-b46a-ea86090f6f12
|s 1eaa7a98-3bca-4bca-b9a2-10f4de8ae79e
|t 0
|
| 952 |
f |
f |
|a Texas A&M University
|b College Station
|c Electronic Resources
|s www_evans
|d Available Online
|t 0
|e HF5429.215.U6 W37 2022
|h Library of Congress classification
|